000 00450nam a2200169Ia 4500
008 220216s9999 xx 000 0 und d
100 _aJacob J.[c]
245 0 _aPF resin and zinc oxide as a vulcanising agent for NR/PP blends
260 _bGummi Fasern Kunststoffe
_c1990
300 _a498-503
650 _aBlend
650 _aOzone resistance
650 _aTear resistance
700 _aKuriakose B.
700 _aMathew N.M.
942 _cBS
999 _c51883
_d51883